000 00609nam a2200277Ia 4500
008 210210b1965 xxu||||| |||| 00| 0 eng d
041 _aeng
082 _a822/1370
100 _aCHURCHILL (S Winston)
245 _aSecond world war and an epilogue on the years 1945 to 1957
260 _aLondon
_bCassell
_c1965
650 _ayears
650 _aworld
650 _awar
650 _ato
650 _athe
650 _aSecond
650 _aon
650 _aepilogue
650 _aand
650 _aan
650 _a1957
650 _a1945
690 _aEnglish Prose
906 _a013551
999 _c132432
_d132432